Top 5 European Leagues Top Assisters: 2010/11 - Statistics

General Stats
  • This quiz has been taken 6 times
  • The average score is 16 of 27
Answer Stats
League Assists Club Nationality Player % Correct
Premier League 12 Arsenal Russia Andrey Arshavin
100%
La Liga 16 Real Madrid Argentina Angel Di Maria
100%
Premier League 12 Arsenal Spain Cesc Fabregas
100%
La Liga 15 Barcelona Brazil Dani Alves
100%
Premier League 13 Chelsea Ivory Coast Didier Drogba
100%
Bundesliga 17 Bayern Munich France Franck Ribery
100%
La Liga 21 Barcelona Argentina Lionel Messi
100%
La Liga 19 Real Madrid Germany Mesut Ozil
100%
Premier League 17 Manchester United Portugal Nani
100%
Premier League 11 Manchester United England Wayne Rooney
100%
Ligue 1 11 Lille Belgium Eden Hazard
83%
Serie A 10 Roma Italy Francesco Totti
83%
Bundesliga 13 Bayern Munich Germany Thomas Muller
83%
Serie A 12 Milan Sweden Zlatan Ibrahimovic
83%
Serie A 10 Udinese Chile Alexis Sanchez
67%
Bundesliga 15 Borussia Dortmund Germany Mario Gotze
50%
Serie A 14 Napoli Argentina Ezequiel Lavezzi
33%
Ligue 1 13 Bordeaux Czechia Jaroslav Plasil
33%
Bundesliga 11 Werder Bremen Germany Marko Marin
33%
Ligue 1 13 PSG Brazil Nene
33%
Bundesliga 16 Kaiserslautern Germany Christian Tiffert
17%
Ligue 1 18 Sochaux France Marvin Martin
17%
Serie A 12 Genoa Argentina Rodrigo Palacio
17%
Serie A 1 Cagliari Italy Andrea Cossu
0%
Ligue 1 11 Nice France Anthony Mounier
0%
Ligue 1 16 Lorient France Morgan Amalfitano
0%
La Liga 14 Real Sociedad Spain Xabi Prieto
0%
No matching quizzes found
Score Distribution
Percent of People with Each Score
Percentile by Number Answered
Your Score History
You have not taken this quiz